League of Legends champions by their weapon - Statistics

General Stats
  • This quiz has been taken 29 times
    28 since last reset
  • The average score is 111 of 161
Answer Stats
Hint Answer % Correct
Flying stars Aurelion Sol
100%
Spear & Shield Pantheon
100%
Bow Ashe
95%
Darkin blade Aatrox
90%
Scissor legs Camille
90%
Fear & crows Fiddlesticks
90%
Trident Fizz
90%
Scissors & Needles Gwen
90%
Bow & Wolf Kindred
90%
Bandages Amumu
86%
Sand soldiers Azir
86%
Fire Brand
86%
Sniper Caitlyn
86%
Sword Garen
86%
Beer Gragas
86%
H-28G Turrets Heimerdinger
86%
Daisy Ivern
86%
Harpoon Pyke
86%
Rune magic Ryze
86%
Tongue Tahm Kench
86%
Cards Twisted Fate
86%
Hextech Gauntlet Vi
86%
Jaws & claws Warwick
86%
Time bomb Zilean
86%
Stars & bubbles Zoe
86%
Magic & Tibbers Annie
81%
Crescendum, Severum, Calibrum, Infernum & Gravitum
Aphelios
81%
Axes Draven
81%
Spiders, cocoon Elise
81%
Lance & flag Jarvan
81%
Pow-Pow, Fishbones & Zapper Jinx
81%
Mantra Karma
81%
Daggers Katarina
81%
Shurikens & electricity Kennen
81%
Hands & feet Lee Sin
81%
Sword & shield Leona
81%
Light pistols Lucian
81%
Magic wand Lux
81%
Rock Malphite
81%
Roots & saplings Maokai
81%
FIre breath, horns Ornn
81%
Claws & Bola Rengar
81%
Exile blade Riven
81%
2 pistols & Blade Samira
81%
Song Seraphine
81%
Dark Spheres Syndra
81%
Eye Vel'Koz
81%
Blood Vladimir
81%
Monke Staff Wukong
81%
Feathers Xayah
81%
Rocket arm Blitzcrank
76%
Shield Braum
76%
Fangs & poison Cassiopeia
76%
Giant axe Darius
76%
Shotgun Graves
76%
6 blades Irelia
76%
Wind Janna
76%
Hextech Hammer Jayce
76%
Spit Kog'Maw
76%
True Ice Lissandra
76%
Pix Lulu
76%
Dual axes Olaf
76%
Hammer! Poppy
76%
Harp Sona
76%
Staff & Robot arm Viktor
76%
Manamune Sword Yasuo
76%
Azakana blades Yone
76%
Shovel & ghouls Yorick
76%
Shurikens Zed
76%
Bombs Ziggs
76%
Ice Anivia
71%
Rapier Fiora
71%
Prized cannon & blade Gangplank
71%
Boomerang & Ruptures Gnar
71%
Lamp Jax
71%
Scythe Kayn
71%
Sleep dust & willow Lillia
71%
Voidlings & Portals Malzahar
71%
Wuju Blade Master Yi
71%
Muskets Miss Fortune
71%
Wings & Chains Morgana
71%
Water Nami
71%
Anchor Nautilus
71%
Spear & fangs Nidalee
71%
Hands & nightmares Nocturne
71%
Yeti & Snowballs Nunu
71%
Void Claws Rek'Sai
71%
Chemicals & shield Singed
71%
Petricite chains Sylas
71%
Throwing Stars & Dagger Talon
71%
Cannon Tristana
71%
Shotgun legs Urgot
71%
Handheld crossbow Vayne
71%
Primordial magic Veigar
71%
Kama, Kunai & Shuriken Akali
67%
Spears Kalista
67%
Nether blade of Horok Kassadin
67%
Void spikes & claws Kha'Zix
67%
Chemtank & pistol Renata
67%
Flamethrower Rumble
67%
Mist cannon Senna
67%
Hand of empire Swain
67%
Rocks Taliyah
67%
Club Trundle
67%
Bow Varus
67%
Goo Zac
67%
Roots Zyra
67%
Khopesh Diana
62%
Demon Spikes Evelynn
62%
Hand cannon Jhin
62%
Water whip Nilah
62%
Clocks Orianna
62%
Valor & bow Quinn
62%
Spiked shell Rammus
62%
Bola & Boar Sejuani
62%
Fists & combat techniques Sett
62%
Large sword Tryndamere
62%
Gloom Vex
62%
Orbs Ahri
57%
Absolver Akshan
57%
Wings & Tail Bel'Veth
57%
Claws & scream Cho'Gath
57%
Bonesaw Dr. Mundo
57%
Mystic magic Ezreal
57%
Petricite wings Galio
57%
Divine blades Kayle
57%
Bear trap, pocket pistol Kled
57%
N'tofo stones K'Sante
57%
Tail Rakan
57%
Spirit Blade Shen
57%
Fangs & fire Shyvana
57%
Blowpipe Teemo
57%
Chains Thresh
57%
Crossbow Twitch
57%
Three-talon spear Xin Zhao
57%
Cowly fists Alistar
52%
Gatling gun, bomb & rockets Corki
52%
Void magic Kai'Sa
52%
Undead hammer Sion
52%
Bravado Taric
52%
Primal claws & storm Udyr
52%
Prowling projectile Yuumi
52%
Second hand Ekko
48%
Bonker Nasus
48%
Flora blossom Neeko
48%
Lance & mount Rell
48%
Zweihänder Viego
48%
Claws Volibear
48%
Magus magic Xerath
48%
Idol Illaoi
43%
Crescent axe Renekton
43%
Jeweled crossblade Sivir
43%
Claws & Tail Skarner
43%
Nightfall Mordekaiser
38%
Ohmlat Qiyana
38%
Burst fire pistol Zeri
38%
Glaive Hecarim
33%
Waste Karthus
33%
Lunar staff Soraka
33%
Cosmic energy Bard
29%
Staff & chain LeBlanc
24%
No matching quizzes found
Score Distribution
Percent of People with Each Score
Percentile by Number Answered
Your Score History
You have not taken this quiz since the last reset